How to write term papers and reports (Record no. 14059)

MARC details
000 -LEADER
fixed length control field 00478nam a22001697a 4500
003 - CONTROL NUMBER IDENTIFIER
control field URS
005 - DATE AND TIME OF LATEST TRANSACTION
control field 20220114171529.0
008 - FIXED-LENGTH DATA ELEMENTS--GENERAL INFORMATION
fixed length control field 170323b xxu||||| |||| 00| 0 eng d
020 ## - INTERNATIONAL STANDARD BOOK NUMBER
International Standard Book Number 0844258997
050 ## - LIBRARY OF CONGRESS CALL NUMBER
Classification number LB1047.3
Item number B38 1997
100 ## - MAIN ENTRY--PERSONAL NAME
Personal name Baugh, L Sue
Relator code author
245 ## - TITLE STATEMENT
Title How to write term papers and reports
Statement of responsibility, etc. L. Sue Baugh
250 ## - EDITION STATEMENT
Edition statement Second Edition
260 ## - PUBLICATION, DISTRIBUTION, ETC.
Place of publication, distribution, etc. Lincolnwood, Illinois
Name of publisher, distributor, etc. VGM Career Horizons
Date of publication, distribution, etc. 1997
300 ## - PHYSICAL DESCRIPTION
Extent xi, 233 pages;
Dimensions 28 cm.
942 ## - ADDED ENTRY ELEMENTS (KOHA)
Koha item type Foreign Books
Source of classification or shelving scheme Library of Congress Classification
Holdings
Withdrawn status Source of classification or shelving scheme Damaged status Not for loan Collection code Home library Current library Shelving location Date acquired Total Checkouts Full call number Barcode Date last seen Price effective from Koha item type
  Library of Congress Classification       Angono College Library Angono College Library Foreign Section 03/24/2026   LB1047.3 B3268 1997 URSANG-028 03/24/2026 03/24/2026 Foreign Books
  Library of Congress Classification     Non-fiction Binangonan College Library Binangonan College Library Foreign Section 06/07/2023   LB1047.3 B38 1997 URSBIN-0284 02/29/2016 02/29/2016 Foreign Books
  Library of Congress Classification     Non-fiction Binangonan College Library Binangonan College Library Foreign Section 06/07/2023   LB1047.3 B38 1997 URSBIN-0282 05/02/2016 05/02/2016 Foreign Books
  Library of Congress Classification     Non-fiction Binangonan College Library Binangonan College Library Foreign Section 06/07/2023   LB1047.3 B38 1997 URSBUN-0283 05/02/2016 05/02/2016 Foreign Books

University of Rizal System
Email us at univlibservices@urs.edu.ph

Visit our Website www.urs.edu.ph/library